000 00506nam a2200181Ia 4500
008 090123s9999 xx 000 0 und d
082 _b3726
100 _aरमानंद अमीन
245 _aतेरेद बागिलू
250 _a1
260 _c1974
300 _a208
600 _aरमानंद अमीन
630 _aतेरेद बागिलू
700 _aरमानंद अमीन
730 _aतेरेद बागिलू
942 _cBOOK
999 _c41805
_d41805